000 00459nam a2200169 i 4500
001 113394
003 ES-MaACL
005 20230906185855.0
007 t|
008 061121s1969 sp r ||||1| spa d
100 1 _aPablo
_bVI
_cPapa, Santo.
_9168351
245 1 3 _aEl Credo del pueblo de Dios /
_cpapa Pablo VI.
260 _aMadrid :
_bPalabra,
_c1969.
300 _a46 p. ;
_c14 cm.
650 0 4 _aCredo.
_911413
852 _aES-MaACL
_j2064-F-5
_bR.69764
999 _c113394
_d113394